| 000 | 00992cab a2200277 4500 | ||
|---|---|---|---|
| 001 | WB3502-04 | ||
| 008 | 090401t1999 xxu||||| |||| 00| 0 eng d | ||
| 035 | _a(Sirsi) u90703 | ||
| 041 | _aeng | ||
| 245 | _aMoD wants 75% cut | ||
| 260 | _c1999 | ||
| 350 | _a0 | ||
| 490 |
_aContract Journal _v397 (6028) 13 January 1999, 1(1) |
||
| 520 | _aThe MoD has commissioned Housing Associaton Property Mutual (HAPM) to devise a system for auditing maintenance costs including the production of manuals providing the design life and maintenance costs of building components. Other organisations are expected to adopt similar methods. | ||
| 650 | _aAUDITING | ||
| 650 | _aBUILDING COMPONENTS | ||
| 650 | _aBUILT ENVIRONMENT-BUILDING MAINTENANCE AND REFURBISHMENT | ||
| 650 | _aCOST REDUCTION | ||
| 650 | _aCOSTS | ||
| 650 | _aLIFE-CYCLE COSTING | ||
| 650 | _aMAINTENANCE COSTS | ||
| 650 | _aMOD | ||
| 690 | _aBUILT ENVIRONMENT-BUILDING COSTS | ||
| 942 | _n0 | ||
| 948 | _c14/01/1999 | ||
| 999 |
_c57519 _d57519 |
||